[Event "Copenhagen Chess Challenge 2016"]
[Site "Ballerup"]
[Date "2016.04.23"]
[Round "7"]
[White "Andersen, Kim Nyvang"]
[Black "Laustsen, Lars"]
[Result "1/2-1/2"]
[WhiteElo "1996"]
[BlackElo "2128"]
[PlyCount "107"]
[EventDate "2016.04.20"]
[EventType "swiss"]
[EventRounds "9"]
[EventCountry "DEN"]

1. d4 d5 2. c4 c6 3. Nf3 Nf6 4. Nc3 dxc4 5. a4 Bf5 6. e3 e6 7. Bxc4 Bb4 8. O-O
Nbd7 9. Qe2 O-O 10. e4 Bg6 11. Bd3 Bh5 12. e5 Nd5 13. Nxd5 cxd5 14. Qe3 Re8 15.
Ng5 Bg6 16. Bxg6 fxg6 17. Qh3 Nf8 18. Qg4 a5 19. h4 Rc8 20. h5 gxh5 21. Qxh5
Re7 22. f4 Rec7 23. Qh3 Qd7 24. f5 exf5 25. e6 Qe7 26. Qxf5 h6 27. Qxd5 hxg5
28. Bxg5 Qd6 29. Qxd6 Bxd6 30. Rae1 Re8 31. d5 Ng6 32. Rf3 Ne7 33. Rd1 Rf8 34.
Rc3 Nf5 35. g4 Rxc3 36. bxc3 Bc5+ 37. Kg2 Nd6 38. Re1 Rf2+ 39. Kg3 Rc2 40. Rf1
Rxc3+ 41. Kh4 Ne8 42. e7 Nc7 43. Rf8+ Kh7 44. Rf5 Rd3 45. Rf8 Kg6 46. Rf5 Ne8
47. Rf8 Nc7 48. Rf5 Bxe7 49. Bxe7 Nxd5 50. Bf8 Rd4 51. Rg5+ Kf7 52. Bxg7 Rxa4
53. Rxd5 Kxg7 54. Rb5 1/2-1/2

[Event "Copenhagen Chess Challenge 2016"]
[Site "Ballerup"]
[Date "2016.04.23"]
[Round "7"]
[White "Sorensen, Per Settergren"]
[Black "Fredericia, Louise Winther"]
[Result "0-1"]
[WhiteElo "1979"]
[BlackElo "2127"]
[PlyCount "48"]
[EventDate "2016.04.20"]
[EventType "swiss"]
[EventRounds "9"]
[EventCountry "DEN"]

1. e4 c5 2. Nf3 g6 3. c3 Bg7 4. d4 cxd4 5. cxd4 d5 6. exd5 Nf6 7. Nc3 Nxd5 8.
Bc4 Nb6 9. Bb3 Nc6 10. Be3 O-O 11. h3 Nb4 12. a3 N4d5 13. O-O Be6 14. Ne4 Nxe3
15. fxe3 Bd5 16. Nc3 Rc8 17. Nxd5 Nxd5 18. Ng5 e6 19. Rxf7 Qxg5 20. Rxb7 Qxe3+
21. Kh1 Bxd4 22. Bxd5 exd5 23. Rb3 Qf2 24. Qg4 Rce8 0-1

[Event "Copenhagen Chess Challenge 2016"]
[Site "Ballerup"]
[Date "2016.04.23"]
[Round "7"]
[White "Andersen, Soren Mikkel"]
[Black "Overmark, Ole"]
[Result "1-0"]
[WhiteElo "2114"]
[BlackElo "1763"]
[PlyCount "85"]
[EventDate "2016.04.20"]
[EventType "swiss"]
[EventRounds "9"]
[EventCountry "DEN"]

1. d4 e6 2. c4 d5 3. Nc3 Bb4 4. cxd5 exd5 5. Qa4+ Nc6 6. Nf3 Nf6 7. Bg5 O-O 8.
e3 a6 9. Bd3 Bd7 10. Qb3 Bxc3+ 11. bxc3 Be6 12. Bxf6 Qxf6 13. Qxb7 Bg4 14. Qxc7
Rfc8 15. Qg3 Bxf3 16. Qxf3 Qxf3 17. gxf3 Ne7 18. Kd2 f5 19. Rab1 a5 20. Rb7 Kf8
21. Rhb1 Rc6 22. Rd7 Rg6 23. Rbb7 Re8 24. Rdc7 Rc6 25. Rxc6 Nxc6 26. Bb5 Rc8
27. Bxc6 Rxc6 28. Rb5 f4 29. Rxd5 fxe3+ 30. fxe3 Rh6 31. Rxa5 Rxh2+ 32. Kd3 h5
33. Ke4 h4 34. Kf4 Rg2 35. Rh5 g5+ 36. Kf5 Rxa2 37. e4 Rg2 38. f4 Rg3 39. fxg5
h3 40. c4 Ra3 41. c5 Rf3+ 42. Ke5 Rg3 43. Kf4 1-0

[Event "Copenhagen Chess Challenge 2016"]
[Site "Ballerup"]
[Date "2016.04.23"]
[Round "7"]
[White "Holmstrom, Johan Ravnborg"]
[Black "Molvig, Julius"]
[Result "1/2-1/2"]
[WhiteElo "1932"]
[BlackElo "1971"]
[PlyCount "108"]
[EventDate "2016.04.20"]
[EventType "swiss"]
[EventRounds "9"]
[EventCountry "DEN"]

1. d4 Nf6 2. Nf3 g6 3. Bf4 Bg7 4. e3 O-O 5. Nbd2 d6 6. c3 c5 7. Bd3 Nc6 8. Qe2
a6 9. h3 b5 10. a3 Bb7 11. O-O Re8 12. Bh2 Qb6 13. Rfe1 Rad8 14. Rad1 h6 15.
Nf1 e5 16. dxe5 dxe5 17. e4 Nd7 18. Ne3 Ne7 19. c4 Bc6 20. b3 Qb8 21. Qc2 Rc8
22. Kh1 f6 23. Ng1 Ba8 24. Ne2 Nf8 25. Nd5 Ne6 26. f3 Nc6 27. Qa2 Ncd4 28. Qb1
Kh7 29. Rf1 Nxe2 30. Bxe2 Nd4 31. Bd3 Qb7 32. Bg1 Re6 33. Rfe1 h5 34. Qa2 Bh6
35. Bh2 Qb8 36. Rb1 Bc6 37. Qf2 Qb7 38. Qf1 Be8 39. Qf2 Qg7 40. Qf1 Rb8 41. Bg1
Qf7 42. Bh2 Bc6 43. Bg3 Ree8 44. Qf2 Rb7 45. Bh2 Reb8 46. Qa2 Bd7 47. Qf2 Be6
48. Qa2 Qg7 49. Qf2 g5 50. g4 Qf7 51. Kg2 Kg7 52. Qa2 hxg4 53. hxg4 Qd7 54. Bg3
Kg6 1/2-1/2

[Event "Copenhagen Chess Challenge 2016"]
[Site "Ballerup"]
[Date "2016.04.23"]
[Round "7"]
[White "Philipsen, William Horup"]
[Black "Allam, Dariusz"]
[Result "1-0"]
[WhiteElo "1970"]
[BlackElo "1922"]
[PlyCount "87"]
[EventDate "2016.04.20"]
[EventType "swiss"]
[EventRounds "9"]
[EventCountry "DEN"]

1. e4 d6 2. d4 Nf6 3. Nc3 g6 4. Bc4 Bg7 5. Qe2 Nc6 6. e5 dxe5 7. dxe5 Nd4 8.
exf6 Nxe2 9. fxg7 Rg8 10. Ngxe2 c6 11. Bh6 Bf5 12. Rd1 Qb6 13. O-O Rd8 14. Ng3
Rxd1 15. Rxd1 Bxc2 16. Re1 Qxb2 17. Bg5 e6 18. Bf6 Qb4 19. Bb3 Bxb3 20. axb3
Qa5 21. b4 Qxb4 22. Rd1 Qa5 23. Nce4 Qd5 24. Rxd5 exd5 25. Ng5 h6 26. Nh7 Kd7
27. Ne2 Kc8 28. Nf4 b5 29. Nf8 a5 30. Kf1 b4 31. Ke2 Kb7 32. N4xg6 fxg6 33.
Nxg6 b3 34. Ne7 Re8 35. g8=Q Rxg8 36. Nxg8 c5 37. Kd3 d4 38. Nxh6 a4 39. Nf5
c4+ 40. Kd2 c3+ 41. Kc1 b2+ 42. Kb1 a3 43. Bxd4 a2+ 44. Kxa2 1-0

[Event "Copenhagen Chess Challenge 2016"]
[Site "Ballerup"]
[Date "2016.04.23"]
[Round "7"]
[White "Stuhr, Peter Sebastian"]
[Black "Larsen, Preben R"]
[Result "1-0"]
[WhiteElo "1957"]
[BlackElo "1821"]
[PlyCount "123"]
[EventDate "2016.04.20"]
[EventType "swiss"]
[EventRounds "9"]
[EventCountry "DEN"]

1. e4 e5 2. Nc3 Nc6 3. Bc4 Bc5 4. d3 d6 5. f4 Bxg1 6. Rxg1 Qh4+ 7. Kf1 Bg4 8.
Qd2 Qxh2 9. Qf2 Nf6 10. f5 Nh5 11. Nd5 Ng3+ 12. Ke1 Nd4 13. Ne3 Bh5 14. Nf1
Nxf1 15. Rxf1 Ne2 16. g4 Qxf2+ 17. Rxf2 Bxg4 18. Rg2 h5 19. Rxe2 Bxe2 20. Kxe2
h4 21. Be3 Rh7 22. Rh1 Ke7 23. Bg5+ f6 24. Be3 b6 25. Rh3 Rah8 26. c3 c5 27. a4
Rh5 28. Kf3 Kf8 29. Kg4 Ke7 30. Kf3 Kf8 31. Ke2 Ke7 32. Kd2 Kf8 33. Kc2 Ke7 34.
Kb3 Rb8 35. Bd5 Rbh8 36. Kc4 Rg5 37. Bf2 Rg2 38. Bxh4 Rh6 39. b4 Rg4 40. Bxf6+
Kxf6 41. Rf3 Ke7 42. Kb5 Rh2 43. Ka6 Kd8 44. Kxa7 Kc7 45. Be6 Rg5 46. f6 Rh8
47. f7 Rf8 48. Bd5 Rg6 49. Ka6 Rg1 50. Kb5 Rg5 51. Rf1 Rg4 52. a5 Rg3 53. axb6+
Kd7 54. Ra1 cxb4 55. cxb4 Rf3 56. Ra7+ Kd8 57. Be6 g5 58. Ra8+ Ke7 59. Rxf8
Kxf8 60. b7 Ke7 61. Bc4 g4 62. b8=Q 1-0

[Event "Copenhagen Chess Challenge 2016"]
[Site "Ballerup"]
[Date "2016.04.23"]
[Round "7"]
[White "Kakulidis, Ellen"]
[Black "Marthedal, Anton Mehmet Yildiz"]
[Result "1-0"]
[WhiteElo "1892"]
[BlackElo "1941"]
[PlyCount "89"]
[EventDate "2016.04.20"]
[EventType "swiss"]
[EventRounds "9"]
[EventCountry "DEN"]

1. d4 d5 2. c4 dxc4 3. Nf3 Nf6 4. e3 Bg4 5. Bxc4 e6 6. O-O Nbd7 7. h3 Bh5 8.
Nc3 a6 9. e4 b5 10. Bd3 e5 11. Be3 Bd6 12. a3 O-O 13. d5 Qe7 14. b4 Rac8 15.
Be2 h6 16. Nd2 Bg6 17. Qb3 Nh7 18. Rac1 f5 19. exf5 Bxf5 20. Nce4 Nhf6 21. Bf3
Qf7 22. Rfd1 Kh8 23. Ng3 Bg6 24. Rc6 Nb8 25. Rc3 Qe7 26. Nde4 Nxe4 27. Bxe4 Bf7
28. Qc2 Nd7 29. Nf5 Qd8 30. Rc6 Nb8 31. Rc3 Nd7 32. Rc1 Nf6 33. Nxd6 Qxd6 34.
Bc5 Qd8 35. Bxf8 Qxf8 36. Bf5 Rd8 37. Rxc7 Nxd5 38. Rc8 Ne7 39. Rxd8 Qxd8 40.
Be4 Qd4 41. Rd1 Qb6 42. Rd7 Qf6 43. Qc7 Bg6 44. Qd8+ Ng8 45. Qxf6 1-0

[Event "Copenhagen Chess Challenge 2016"]
[Site "Ballerup"]
[Date "2016.04.23"]
[Round "7"]
[White "Christensen, Allan Toftegaard"]
[Black "Skovgaard, Ib"]
[Result "1-0"]
[WhiteElo "1711"]
[BlackElo "2050"]
[PlyCount "73"]
[EventDate "2016.04.20"]
[EventType "swiss"]
[EventRounds "9"]
[EventCountry "DEN"]

1. d4 d5 2. Nf3 Nf6 3. Nc3 Bf5 4. Bg5 Nbd7 5. e3 c6 6. Bd3 Be4 7. O-O h6 8. Bf4
e6 9. Bxe4 Nxe4 10. Nxe4 dxe4 11. Nd2 Nf6 12. Be5 Bd6 13. Bxf6 Qxf6 14. Qg4 h5
15. Qxe4 h4 16. h3 Qe7 17. f4 f5 18. Qf3 g5 19. Nc4 g4 20. Nxd6+ Qxd6 21. hxg4
fxg4 22. Qxg4 O-O-O 23. f5 h3 24. Qf4 hxg2 25. Kxg2 Rdg8+ 26. Kf3 Qd5+ 27. Ke2
Qc4+ 28. Kd2 Rg2+ 29. Rf2 e5 30. Qf3 Rgh2 31. b3 Qb4+ 32. c3 Qa3 33. Kc2 R8h3
34. Qe2 exd4 35. exd4 Qe7 36. Rxh2 Re3 37. Qg4 1-0

[Event "Copenhagen Chess Challenge 2016"]
[Site "Ballerup"]
[Date "2016.04.23"]
[Round "7"]
[White "Christophersen, David"]
[Black "Sundin, Sven-Ingvar"]
[Result "1-0"]
[WhiteElo "1764"]
[BlackElo "1633"]
[PlyCount "59"]
[EventDate "2016.04.20"]
[EventType "swiss"]
[EventRounds "9"]
[EventCountry "DEN"]

1. d4 d5 2. Bf4 Nf6 3. Nf3 e6 4. e3 Bd6 5. Bg3 Nbd7 6. Nbd2 Bxg3 7. hxg3 Nb6 8.
Bd3 Bd7 9. g4 g6 10. g5 Nh5 11. c3 Qe7 12. Qc2 O-O-O 13. O-O-O Rdf8 14. g4 Ng7
15. Rh2 f6 16. gxf6 Rxf6 17. Rdh1 Ne8 18. g5 Rf5 19. Bxf5 exf5 20. Ne5 Qg7 21.
Nxd7 Nxd7 22. f4 Nd6 23. Rh3 Nf8 24. Kb1 Qd7 25. c4 dxc4 26. Nxc4 Ne4 27. Ne5
Qe6 28. Rc1 Qe7 29. Rh2 Ne6 30. Nxg6 1-0

[Event "Copenhagen Chess Challenge 2016"]
[Site "Ballerup"]
[Date "2016.04.23"]
[Round "7"]
[White "Kistrup, Nicolai"]
[Black "Andersen, Daniel"]
[Result "1-0"]
[WhiteElo "2033"]
[BlackElo "1956"]
[PlyCount "43"]
[EventDate "2016.04.20"]
[EventType "swiss"]
[EventRounds "9"]
[EventCountry "DEN"]

1. d4 Nf6 2. Nf3 g6 3. c4 Bg7 4. Nc3 d5 5. cxd5 Nxd5 6. e4 Nxc3 7. bxc3 O-O 8.
Be2 c5 9. Rb1 cxd4 10. cxd4 Qa5+ 11. Bd2 Qxa2 12. O-O b6 13. Bg5 Re8 14. Rc1
Qe6 15. Re1 Qd6 16. Bc4 Bb7 17. e5 Qb4 18. Bd2 Qa3 19. Re3 Qb2 20. Rb3 Bxf3 21.
Qxf3 Qxd2 22. Qxf7+ 1-0

[Event "Copenhagen Chess Challenge 2016"]
[Site "Ballerup"]
[Date "2016.04.23"]
[Round "7"]
[White "Hentley, Darryl"]
[Black "Kallenbach, Uffe"]
[Result "1-0"]
[WhiteElo "1666"]
[BlackElo "1694"]
[PlyCount "41"]
[EventDate "2016.04.20"]
[EventType "swiss"]
[EventRounds "9"]
[EventCountry "DEN"]

1. f4 d5 2. c3 g6 3. Qc2 Bf5 4. d3 Nf6 5. Nf3 Bg7 6. Nbd2 Nc6 7. Nb3 O-O 8. h3
Bd7 9. Be3 Re8 10. d4 Bf5 11. Qd1 Ne4 12. g4 e5 13. gxf5 Ng3 14. Rg1 e4 15. Ne5
Nxf5 16. Qd2 Qh4+ 17. Kd1 Nd6 18. Qe1 Qe7 19. Bf2 f6 20. Nxc6 bxc6 21. e3 1-0

[Event "Copenhagen Chess Challenge 2016"]
[Site "Ballerup"]
[Date "2016.04.24"]
[Round "8"]
[White "Hector, Jonny"]
[Black "Demuth, Adrien"]
[Result "1/2-1/2"]
[WhiteElo "2493"]
[BlackElo "2550"]
[PlyCount "97"]
[EventDate "2016.04.20"]
[EventType "swiss"]
[EventRounds "9"]
[EventCountry "DEN"]

1. e4 c5 2. c3 d5 3. exd5 Qxd5 4. d4 Nc6 5. Nf3 Bf5 6. Be3 Nf6 7. Na3 e6 8. Qa4
a6 9. Bc4 Qd7 10. dxc5 Ne4 11. Rd1 Qc8 12. Nh4 Nxc5 13. Bxc5 Bxc5 14. Nxf5 exf5
15. Bd5 O-O 16. O-O b5 17. Qf4 Ra7 18. b4 Be7 19. Bb3 Rc7 20. Rd5 g6 21. Qg3
Rd8 22. Rfd1 Rcd7 23. h4 Bf6 24. Nb1 Rxd5 25. Rxd5 Rxd5 26. Bxd5 Qd7 27. Bb3
Qe7 28. Kf1 Bxh4 29. Qd3 Ne5 30. Qe2 Qc7 31. a4 Ng4 32. g3 Qc6 33. Qd3 Qh1+ 34.
Ke2 Ne5 35. Bd5 Qh3 36. Qe3 Bf6 37. axb5 axb5 38. Na3 Qh5+ 39. Ke1 Kg7 40. Nxb5
f4 41. gxf4 Ng4 42. Qf3 Qf5 43. Qe4 Qc8 44. Bc4 Qa6 45. Kf1 Qb6 46. Nd4 Qc7 47.
Nb5 Qb6 48. Nd4 Qc7 49. Nb5 1/2-1/2

[Event "Copenhagen Chess Challenge 2016"]
[Site "Ballerup"]
[Date "2016.04.24"]
[Round "8"]
[White "Getz, Nicolai"]
[Black "Danielsen, Henrik"]
[Result "1-0"]
[WhiteElo "2408"]
[BlackElo "2480"]
[PlyCount "55"]
[EventDate "2016.04.20"]
[EventType "swiss"]
[EventRounds "9"]
[EventCountry "DEN"]

1. e4 d6 2. d4 Nf6 3. Nc3 e5 4. Nf3 Nbd7 5. Bc4 Be7 6. O-O O-O 7. a4 c6 8. Re1
a5 9. h3 Nb6 10. Ba2 Nfd7 11. Be3 exd4 12. Nxd4 Nc5 13. f4 Nbxa4 14. Nxa4 Nxa4
15. c3 Nc5 16. Qf3 Kh8 17. Rad1 Qc7 18. Bf2 a4 19. e5 a3 20. b4 dxe5 21. bxc5
exd4 22. Bxd4 Be6 23. Qg3 Rg8 24. Bxe6 fxe6 25. Rxe6 a2 26. Ra1 Ra5 27. Qe3 Bd8
28. Qe4 1-0

[Event "Copenhagen Chess Challenge 2016"]
[Site "Ballerup"]
[Date "2016.04.24"]
[Round "8"]
[White "Haubro, Martin"]
[Black "Andersen, Mads"]
[Result "1/2-1/2"]
[WhiteElo "2345"]
[BlackElo "2504"]
[PlyCount "32"]
[EventDate "2016.04.20"]
[EventType "swiss"]
[EventRounds "9"]
[EventCountry "DEN"]

1. e4 e6 2. d4 d5 3. Nd2 c5 4. exd5 Qxd5 5. dxc5 Nf6 6. Ngf3 Qxc5 7. Bd3 Nbd7
8. O-O Qc7 9. Qe2 Nc5 10. Bb5+ Bd7 11. Bxd7+ Ncxd7 12. c4 Be7 13. b3 O-O 14.
Bb2 Rfd8 15. Rad1 Rac8 16. Ne4 Nxe4 1/2-1/2

[Event "Copenhagen Chess Challenge 2016"]
[Site "Ballerup"]
[Date "2016.04.24"]
[Round "8"]
[White "Hoi, Carsten"]
[Black "Andreasen, Joan Hendrik"]
[Result "1/2-1/2"]
[WhiteElo "2393"]
[BlackElo "2227"]
[PlyCount "53"]
[EventDate "2016.04.20"]
[EventType "swiss"]
[EventRounds "9"]
[EventCountry "DEN"]

1. d4 Nf6 2. c4 g6 3. Nc3 d5 4. Nf3 Bg7 5. cxd5 Nxd5 6. e4 Nxc3 7. bxc3 c5 8.
Be3 O-O 9. Rc1 cxd4 10. cxd4 b6 11. h4 Bb7 12. e5 Nc6 13. h5 Qd7 14. hxg6 hxg6
15. Qd2 Rfd8 16. Bb5 Qg4 17. Qe2 Rac8 18. Bc4 e6 19. Rh4 Qxg2 20. Rh2 Qg4 21.
Rh4 Qg2 22. Rh2 Qg4 23. Rh4 Qf5 24. Bd3 Nxd4 25. Nxd4 Rxc1+ 26. Bxc1 Qxe5 27.
Be3 1/2-1/2

[Event "Copenhagen Chess Challenge 2016"]
[Site "Ballerup"]
[Date "2016.04.24"]
[Round "8"]
[White "Semcesen, Daniel"]
[Black "Hove, Esben Kjems"]
[Result "1/2-1/2"]
[WhiteElo "2454"]
[BlackElo "2232"]
[PlyCount "182"]
[EventDate "2016.04.20"]
[EventType "swiss"]
[EventRounds "9"]
[EventCountry "DEN"]

1. d4 d5 2. c4 c6 3. Nf3 Nf6 4. Qb3 dxc4 5. Qxc4 Bf5 6. g3 Nbd7 7. Bg2 e6 8.
O-O Be7 9. e3 O-O 10. Qe2 Ne4 11. Rd1 Qc7 12. Ne1 e5 13. g4 Bg6 14. dxe5 Nxe5
15. f4 Nf6 16. fxe5 Qxe5 17. Nc3 Rad8 18. Nf3 Qe6 19. h3 h5 20. Nd4 Qe5 21. Bd2
hxg4 22. hxg4 Rfe8 23. Qf3 Bc5 24. Nce2 Be4 25. Qf4 Qxf4 26. Nxf4 Bxg2 27. Nxg2
Nxg4 28. Nc2 f5 29. Bc3 Kf7 30. Kf1 g5 31. Rxd8 Rxd8 32. Ke2 Kg6 33. Rh1 Be7
34. Nd4 Bf6 35. Rd1 Re8 36. Nc2 Bxc3 37. bxc3 Nf6 38. Rd6 Re5 39. c4 Kf7 40.
Rd3 Ra5 41. a3 Rc5 42. Nd4 b5 43. cxb5 cxb5 44. Rb3 a6 45. Ne1 f4 46. Nd3 Rd5
47. Nb4 Rd6 48. Nbc6 fxe3 49. Kxe3 Rd5 50. Rc3 Nd7 51. Ke4 Nf6+ 52. Kd3 Nd7 53.
Rc1 Rc5 54. Rf1+ Kg6 55. Ne7+ Kh5 56. Rh1+ Kg4 57. Nef5 Rc8 58. Ne3+ Kf4 59.
Rf1+ Ke5 60. Rf5+ Kd6 61. Rd5+ Kc7 62. Rxg5 Kb6 63. Rg6+ Ka5 64. Rd6 Ne5+ 65.
Kd2 Rc7 66. Re6 Nd7 67. Nec2 Rc4 68. Kc1 Nc5 69. Rh6 Ka4 70. Kb2 a5 71. Rh3 b4
72. axb4 axb4 73. Rg3 b3 74. Nxb3 Nxb3 75. Rxb3 Rh4 76. Re3 Kb5 77. Kc3 Kc5 78.
Re5+ Kd6 79. Ra5 Rg4 80. Nd4 Rg1 81. Ne2 Rh1 82. Kc4 Rf1 83. Rd5+ Ke6 84. Nd4+
Kf6 85. Ra5 Rh1 86. Ra6+ Ke5 87. Re6+ Kf4 88. Ne2+ Kf3 89. Nd4+ Kf4 90. Ne2+
Kf3 91. Nd4+ Kf4 1/2-1/2

[Event "Copenhagen Chess Challenge 2016"]
[Site "Ballerup"]
[Date "2016.04.24"]
[Round "8"]
[White "Nilssen, John Arni"]
[Black "Englert, Fabian"]
[Result "0-1"]
[WhiteElo "2300"]
[BlackElo "2391"]
[PlyCount "58"]
[EventDate "2016.04.20"]
[EventType "swiss"]
[EventRounds "9"]
[EventCountry "DEN"]

1. d4 d5 2. Bf4 c5 3. e3 Nc6 4. c3 Nf6 5. Nd2 Bf5 6. Qb3 Qd7 7. dxc5 e5 8. Bg3
Bxc5 9. Ngf3 Bd6 10. Bb5 Qe7 11. c4 a6 12. c5 Bc7 13. Be2 Rb8 14. Rc1 O-O 15.
O-O h6 16. Qa4 Rfd8 17. Rfe1 Ne4 18. Nxe4 dxe4 19. Nh4 Bh7 20. Bg4 Qf6 21. f4
exf4 22. exf4 Bxf4 23. Rf1 g5 24. Bf5 Bxf5 25. Bxf4 gxf4 26. Rxf4 Qd4+ 27. Qxd4
Nxd4 28. Re1 Bh7 29. g4 Ne6 0-1

[Event "Copenhagen Chess Challenge 2016"]
[Site "Ballerup"]
[Date "2016.04.24"]
[Round "8"]
[White "Thybo, Jesper Sondergaard"]
[Black "Haub, Thorsten Michael"]
[Result "1-0"]
[WhiteElo "2358"]
[BlackElo "2359"]
[PlyCount "47"]
[EventDate "2016.04.20"]
[EventType "swiss"]
[EventRounds "9"]
[EventCountry "DEN"]

1. Nf3 d6 2. d4 Nd7 3. e4 g6 4. Bc4 e6 5. Nc3 a6 6. a4 b6 7. O-O Bg7 8. e5 dxe5
9. Bg5 Ne7 10. dxe5 h6 11. Bf4 Bb7 12. Qe2 Nf5 13. Rad1 Qe7 14. Nd4 Nh4 15. Bg3
g5 16. f4 gxf4 17. Nxe6 fxg3 18. Nxg7+ Kd8 19. Rxd7+ Qxd7 20. Rd1 gxh2+ 21.
Kxh2 Nxg2 22. Rxd7+ Kxd7 23. Qg4+ Ke7 24. Nf5+ 1-0

[Event "Copenhagen Chess Challenge 2016"]
[Site "Ballerup"]
[Date "2016.04.24"]
[Round "8"]
[White "Fries Nielsen, Jens Ove"]
[Black "Tsiolakidis, Anastasios"]
[Result "0-1"]
[WhiteElo "2389"]
[BlackElo "2288"]
[PlyCount "60"]
[EventDate "2016.04.20"]
[EventType "swiss"]
[EventRounds "9"]
[EventCountry "DEN"]

1. e3 Nf6 2. g4 d5 3. g5 Ne4 4. h4 c5 5. Bg2 e6 6. Bxe4 dxe4 7. Nc3 h6 8. Nxe4
hxg5 9. Nxg5 Be7 10. f4 e5 11. N1f3 exf4 12. exf4 Nc6 13. d3 Bg4 14. Rg1 Rxh4
15. Kf1 Bxg5 16. fxg5 Qe7 17. Kf2 Rh2+ 18. Nxh2 Bxd1 19. Rxd1 O-O-O 20. Re1 Qd6
21. Nf3 Nd4 22. Nxd4 Qxd4+ 23. Be3 Qxb2 24. Kf3 b6 25. a4 Qxc2 26. a5 Qxd3 27.
axb6 axb6 28. Ra7 Rd7 29. Ra8+ Kb7 30. Rea1 Kc6 0-1

[Event "Copenhagen Chess Challenge 2016"]
[Site "Ballerup"]
[Date "2016.04.24"]
[Round "8"]
[White "Matthiesen, Martin"]
[Black "Haugli, Petter"]
[Result "1-0"]
[WhiteElo "2377"]
[BlackElo "2259"]
[PlyCount "83"]
[EventDate "2016.04.20"]
[EventType "swiss"]
[EventRounds "9"]
[EventCountry "DEN"]

1. d4 d5 2. Bf4 Nf6 3. e3 e6 4. c4 Bd6 5. Bxd6 cxd6 6. Nc3 dxc4 7. Bxc4 O-O 8.
Nf3 a6 9. O-O b5 10. Be2 Bb7 11. Qb3 Nc6 12. Rfc1 Qb6 13. Qd1 e5 14. d5 Ne7 15.
e4 Ng4 16. Qe1 f5 17. Ng5 Nf6 18. Ne6 Rfc8 19. exf5 Nexd5 20. Bd1 Nxc3 21. bxc3
Bd5 22. Bb3 Bc4 23. Rab1 Bxb3 24. Rxb3 Rc4 25. a4 Qc6 26. axb5 axb5 27. Ra1
Rca4 28. Rab1 Rb8 29. h3 Rc4 30. Qe3 Qd7 31. Ra3 Nd5 32. Ra7 Rb7 33. Ra8+ Rc8
34. Rxc8+ Qxc8 35. Qd2 Nxc3 36. Rb3 b4 37. Qxd6 Qb8 38. Qc5 e4 39. Qc4 Kh8 40.
Ng5 h6 41. Nxe4 Qf4 42. Qc8+ 1-0

[Event "Copenhagen Chess Challenge 2016"]
[Site "Ballerup"]
[Date "2016.04.24"]
[Round "8"]
[White "Kristensen, Kaare Hove"]
[Black "Boe Olsen, Filip"]
[Result "1-0"]
[WhiteElo "2341"]
[BlackElo "2176"]
[PlyCount "51"]
[EventDate "2016.04.20"]
[EventType "swiss"]
[EventRounds "9"]
[EventCountry "DEN"]

1. d4 d5 2. c4 c6 3. Nc3 Nf6 4. Nf3 e6 5. Bg5 Nbd7 6. cxd5 exd5 7. e3 Be7 8.
Qc2 O-O 9. Bd3 Re8 10. h3 Nf8 11. O-O-O a5 12. Kb1 b5 13. Ne5 Qb6 14. Ne2 Bb7
15. Ng3 h6 16. h4 hxg5 17. hxg5 g6 18. gxf6 Bxf6 19. Bxg6 fxg6 20. Nd7 Nxd7 21.
Qxg6+ Kf8 22. Rh7 Re7 23. Rdh1 Rg7 24. Rxg7 Bxg7 25. Rh7 Ke7 26. Qxg7+ 1-0

[Event "Copenhagen Chess Challenge 2016"]
[Site "Ballerup"]
[Date "2016.04.24"]
[Round "8"]
[White "Sylvan, Jacob"]
[Black "Thuesen, Mogens Henrik"]
[Result "1-0"]
[WhiteElo "2327"]
[BlackElo "2209"]
[PlyCount "89"]
[EventDate "2016.04.20"]
[EventType "swiss"]
[EventRounds "9"]
[EventCountry "DEN"]

1. c4 Nf6 2. Nc3 g6 3. d4 Bg7 4. e4 d6 5. Nf3 O-O 6. Be2 e5 7. Be3 Ng4 8. Bg5
f6 9. Bc1 Nh6 10. O-O Nc6 11. h3 Nf7 12. Be3 b6 13. Qb3 Kh8 14. Rad1 Bd7 15.
Rd2 Qe8 16. Qd1 Rc8 17. Re1 Bh6 18. Bf1 Bxe3 19. Rxe3 Ne7 20. b4 g5 21. dxe5
fxe5 22. c5 Ng6 23. Ba6 g4 24. hxg4 Bxg4 25. Bxc8 Qxc8 26. Qc2 dxc5 27. bxc5 c6
28. cxb6 axb6 29. Na4 b5 30. Nc5 Rg8 31. Nh2 Be6 32. Rg3 Bc4 33. Nf3 Rd8 34.
Ng5 Nxg5 35. Rxg5 Rxd2 36. Qxd2 Qf8 37. Nd7 Qe7 38. g3 Bxa2 39. f4 exf4 40.
gxf4 Qg7 41. f5 Qa1+ 42. Kh2 Ne5 43. Nxe5 Qxe5+ 44. Rg3 Bf7 45. Qh6 1-0

[Event "Copenhagen Chess Challenge 2016"]
[Site "Ballerup"]
[Date "2016.04.24"]
[Round "8"]
[White "Rendboe, John Filip"]
[Black "Boe, Mads"]
[Result "1/2-1/2"]
[WhiteElo "2179"]
[BlackElo "2303"]
[PlyCount "30"]
[EventDate "2016.04.20"]
[EventType "swiss"]
[EventRounds "9"]
[EventCountry "DEN"]

1. d4 f5 2. g3 Nf6 3. Bg2 e6 4. c4 d5 5. Nf3 Bd6 6. O-O c6 7. b3 Qe7 8. Ne5 O-O
9. Nd3 Nbd7 10. Bf4 Bxf4 11. Nxf4 b6 12. Nd2 Bb7 13. Rc1 Rac8 14. Nf3 Rfd8 15.
e3 Ne4 1/2-1/2

[Event "Copenhagen Chess Challenge 2016"]
[Site "Ballerup"]
[Date "2016.04.24"]
[Round "8"]
[White "Jacobsen, Mikkel Manosri"]
[Black "Rishovd, Svein"]
[Result "1-0"]
[WhiteElo "2210"]
[BlackElo "2103"]
[PlyCount "57"]
[EventDate "2016.04.20"]
[EventType "swiss"]
[EventRounds "9"]
[EventCountry "DEN"]

1. d4 Nf6 2. c4 e6 3. Nf3 d5 4. cxd5 exd5 5. Nc3 c6 6. Bg5 h6 7. Bh4 Bf5 8. e3
g5 9. Bg3 Qb6 10. Qc1 Nbd7 11. Be2 Nh5 12. Be5 Nxe5 13. Nxe5 Ng7 14. g4 Bh7 15.
h4 f6 16. hxg5 fxe5 17. Rxh6 Nf5 18. Rh1 exd4 19. gxf5 dxc3 20. bxc3 Bg7 21. f6
Be4 22. Rxh8+ Bxh8 23. Bh5+ Kf8 24. Qa3+ c5 25. f3 Bf5 26. Rd1 Bc2 27. Rxd5
Qb1+ 28. Kf2 b6 29. Rxc5 1-0

[Event "Copenhagen Chess Challenge 2016"]
[Site "Ballerup"]
[Date "2016.04.24"]
[Round "8"]
[White "Thorsbro, Peter"]
[Black "Karlsson, Ulf"]
[Result "1-0"]
[WhiteElo "2250"]
[BlackElo "2026"]
[PlyCount "135"]
[EventDate "2016.04.20"]
[EventType "swiss"]
[EventRounds "9"]
[EventCountry "DEN"]

1. d4 d5 2. c4 e6 3. Nc3 c5 4. cxd5 exd5 5. Nf3 Nc6 6. dxc5 d4 7. Na4 Bxc5 8.
Nxc5 Qa5+ 9. Bd2 Qxc5 10. Rc1 Qb6 11. e3 Nf6 12. Bc4 O-O 13. O-O Ne4 14. exd4
Nxd2 15. Qxd2 Bg4 16. Ne5 Nxe5 17. dxe5 Rad8 18. Qc3 Rc8 19. Qb3 Qc7 20. h3 Bf5
21. Rfe1 Qe7 22. e6 Bxe6 23. Rxe6 Qxe6 24. Bxe6 Rxc1+ 25. Kh2 fxe6 26. Qxe6+
Kh8 27. Qe7 Rfc8 28. Qxb7 R1c7 29. Qa6 h6 30. b4 Rf8 31. Kg3 Rf6 32. Qd3 Rfc6
33. f3 Rc4 34. a4 Rc8 35. Qd7 R4c7 36. Qe6 Rc6 37. Qf5 R8c7 38. h4 a6 39. Qd3
Rb7 40. Qe4 Rcb6 41. b5 Rb8 42. Qe5 Ra8 43. Qc7 Rg6+ 44. Kh3 axb5 45. axb5 Ra1
46. g4 Rf6 47. Qd8+ Kh7 48. Qd3+ Kh8 49. g5 Rf8 50. gxh6 Ra7 51. b6 Rb7 52. Qc3
Rff7 53. hxg7+ Rxg7 54. Qc6 Kh7 55. h5 Rgf7 56. Kg3 Rbe7 57. f4 Kg7 58. Qg6+
Kh8 59. h6 Rf8 60. Qd6 Rff7 61. Kg4 Kh7 62. Kg5 Rd7 63. Qc6 Rde7 64. f5 Rb7 65.
f6 Rbd7 66. Qe4+ Kg8 67. Kg6 Rb7 68. h7+ 1-0